[Event "VIII Festival A"]
[Site "Cesenatico ITA"]
[Date "2003.09.03"]
[Round "5"]
[White "Naumkin, Igor"]
[Black "Maahs, Erich"]
[Result "1-0"]
[WhiteElo "2406"]
[BlackElo "2201"]
[PlyCount "108"]
[EventDate "2003.08.31"]

1. d4 d5 2. c4 dxc4 3. Nf3 Nf6 4. e3 e6 5. Bxc4 c5 6. O-O a6 7. Qe2 Nc6 8. Rd1
cxd4 9. exd4 Be7 10. Nc3 Nb4 11. Bg5 O-O 12. a3 Nbd5 13. Ne5 Nxc3 14. bxc3 Nd5
15. Bd2 Bg5 16. a4 Bxd2 17. Qxd2 Qa5 18. Ra3 f6 19. Nd3 b5 20. Bxd5 exd5 21.
Qa2 Be6 22. Nc5 Bf7 23. axb5 Qxb5 24. Ra5 Qc6 25. Rxa6 Rxa6 26. Qxa6 Qxa6 27.
Nxa6 Ra8 28. Nb4 Ra3 29. Rc1 Kf8 30. h4 Ke7 31. g4 Kd6 32. Nd3 h5 33. gxh5 Bxh5
34. Kh2 g5 35. hxg5 fxg5 36. Kg3 Be2 37. Ne5 Ke6 38. f3 Kf5 39. Ng4 Bc4 40. Rb1
Ke6 41. Re1+ Kd6 42. Re3 Ra1 43. Nh6 Rg1+ 44. Kh2 Rf1 45. Nf7+ Kc6 46. Nxg5 Kb5
47. Kg3 Ka4 48. f4 Kb3 49. Nf3 Kc2 50. f5 Rh1 51. Kf4 Bd3 52. Ne1+ Kd2 53. Nxd3
Rh4+ 54. Kg5 Kxe3 1-0

[Event "VIII Festival A"]
[Site "Cesenatico ITA"]
[Date "2003.09.03"]
[Round "5"]
[White "Perich, Stefano"]
[Black "Scotti, Umberto"]
[Result "0-1"]
[WhiteElo "1984"]
[BlackElo "2135"]
[PlyCount "62"]
[EventDate "2003.08.31"]

1. d4 d5 2. Nf3 Nf6 3. c4 c6 4. Nc3 e6 5. e3 Nbd7 6. Bd3 dxc4 7. Bxc4 b5 8. Bd3
b4 9. Ne2 Be7 10. O-O c5 11. Bd2 O-O 12. Rc1 Bb7 13. dxc5 Bxc5 14. Ng3 Qb6 15.
Qe2 Rfd8 16. Rfd1 Rac8 17. h3 a5 18. e4 e5 19. Bc4 h6 20. Nh4 Nf8 21. Nhf5 Ne6
22. Qf3 Nd4 23. Nxd4 Rxd4 24. Qb3 Nxe4 25. Bxf7+ Kh8 26. Nxe4 Rxe4 27. Be1
Rxe1+ 28. Rxe1 Bxf2+ 29. Kh1 Bxe1 30. Rxe1 Qf2 31. Rg1 Rc1 0-1

[Event "VIII Festival A"]
[Site "Cesenatico ITA"]
[Date "2003.09.03"]
[Round "5"]
[White "Pircher, Karl"]
[Black "Bernardi, Ruben"]
[Result "1/2-1/2"]
[WhiteElo "2040"]
[BlackElo "2155"]
[PlyCount "47"]
[EventDate "2003.08.31"]

1. d4 d5 2. c4 c6 3. Nc3 Nf6 4. Nf3 dxc4 5. a4 Bf5 6. e3 Na6 7. Bxc4 e6 8. O-O
Nb4 9. Qe2 Be7 10. e4 Bg4 11. Rd1 O-O 12. Bg5 Nd7 13. Bf4 Nb6 14. Bb3 a5 15.
Rd2 Rc8 16. h3 Bxf3 17. Qxf3 Bg5 18. Qg3 Bxf4 19. Qxf4 Qc7 20. Qe3 Rfd8 21.
Rad1 h6 22. Qe2 Qf4 23. Qh5 Qg5 24. Qxg5 1/2-1/2

[Event "VIII Festival A"]
[Site "Cesenatico ITA"]
[Date "2003.09.03"]
[Round "5"]
[White "Pozzi, Enrico"]
[Black "Mueller, Martin"]
[Result "1-0"]
[WhiteElo "2205"]
[BlackElo "2074"]
[PlyCount "59"]
[EventDate "2003.08.31"]

1. e4 d6 2. d4 Nf6 3. Nc3 g6 4. Bg5 Bg7 5. Qd2 h6 6. Bh4 g5 7. Bg3 Nh5 8. Nf3
Nc6 9. Bb5 Bd7 10. O-O-O Na5 11. Rhe1 Nxg3 12. hxg3 Bxb5 13. Nxb5 c6 14. Na3 b5
15. Qd3 O-O 16. e5 d5 17. Nh2 e6 18. Ng4 Nc4 19. Rh1 f5 20. Nxh6+ Bxh6 21. Rxh6
Kf7 22. Rdh1 Rb8 23. Nxc4 bxc4 24. Qa3 Qb6 25. Rh7+ Kg8 26. Rh8+ Kf7 27. R1h7+
Kg6 28. Rh6+ Kf7 29. Rf6+ Kg7 30. Qe7+ 1-0

[Event "VIII Festival A"]
[Site "Cesenatico ITA"]
[Date "2003.09.03"]
[Round "5"]
[White "Schuster, Karsten"]
[Black "Bossoni, Mario"]
[Result "1-0"]
[WhiteElo "2246"]
[BlackElo "1939"]
[PlyCount "159"]
[EventDate "2003.08.31"]

1. d4 Nf6 2. c4 c5 3. d5 b5 4. cxb5 a6 5. bxa6 Bxa6 6. g3 d6 7. Bg2 g6 8. b3
Bg7 9. Bb2 O-O 10. Nh3 Nbd7 11. O-O Ra7 12. Re1 Ng4 13. Bxg7 Kxg7 14. Qd2 Qb6
15. Qc3+ Kg8 16. Nd2 Rc8 17. Bf1 Qb4 18. Rec1 Rac7 19. f3 Nge5 20. Nf2 Nf6 21.
e4 Bxf1 22. Kxf1 Qb5+ 23. Nc4 Rb8 24. Kg2 Nxc4 25. Qxc4 Qxc4 26. Rxc4 Ra7 27.
Rcc1 Ra3 28. Nd1 Nd7 29. f4 Rb4 30. Nc3 Nb6 31. Nb1 Ra8 32. Nd2 Rd4 33. Rc2 Ra3
34. Re1 Rb4 35. Kf2 Kf8 36. Re3 Ra8 37. Rd3 Ke8 38. Ke3 Kd7 39. Rdc3 Ra7 40.
Kd3 f5 41. Nc4 fxe4+ 42. Kxe4 e6 43. dxe6+ Kxe6 44. Kf3 Nxc4 45. bxc4 Rba4 46.
Re3+ Kd7 47. Ree2 Kc6 48. Red2 h5 49. Kg2 Re7 50. Rd3 Re4 51. Rdc3 Kd7 52. Kh3
Ke6 53. Kh4 Kf6 54. Rd3 Rd4 55. Rdc3 Kf5 56. Kh3 Re4 57. Kg2 h4 58. Kf3 hxg3
59. hxg3 Rd4 60. g4+ Kf6 61. a3 Ke6 62. Re2+ Kf6 63. Re4 d5 64. g5+ Kf7 65. Re5
Raxc4 66. Rxc4 Rxc4 67. Rxd5 Rc3+ 68. Ke4 Rxa3 69. Rd7+ Kf8 70. Ke5 Ra6 71. Rc7
c4 72. Rxc4 Ra7 73. Rd4 Rf7 74. Ke6 Ra7 75. Rd8+ Kg7 76. Rd7+ Rxd7 77. Kxd7 Kf8
78. Ke6 Kg7 79. Ke7 Kg8 80. Kf6 1-0

[Event "VIII Festival A"]
[Site "Cesenatico ITA"]
[Date "2003.09.03"]
[Round "5"]
[White "Strijkers, Niek"]
[Black "Gromovs, Sergejs"]
[Result "0-1"]
[WhiteElo "2153"]
[BlackElo "2345"]
[PlyCount "60"]
[EventDate "2003.08.31"]

1. e4 d6 2. d4 Nf6 3. Bd3 g6 4. c3 Bg7 5. f4 O-O 6. Nf3 c5 7. O-O cxd4 8. cxd4
Qb6 9. Kh1 Bg4 10. d5 Na6 11. Nc3 Rac8 12. Qe2 Nh5 13. Be3 Qa5 14. Rab1 e6 15.
g3 Nb4 16. Bc4 Nc2 17. Qxc2 Rxc4 18. dxe6 fxe6 19. Qd3 Rfc8 20. Bd2 Qc5 21. Kg2
b5 22. Be3 Bxf3+ 23. Kxf3 Qc6 24. Rbc1 Nf6 25. Bd4 e5 26. Be3 exf4 27. Bxf4 Qd7
28. b3 Qg4+ 29. Kg2 Nh5 30. Ne2 Nxf4+ 0-1

[Event "VIII Festival A"]
[Site "Cesenatico ITA"]
[Date "2003.09.03"]
[Round "5"]
[White "Tomescu, Vlad"]
[Black "Popa, Claudiu"]
[Result "1-0"]
[WhiteElo "2427"]
[BlackElo "2148"]
[PlyCount "101"]
[EventDate "2003.08.31"]

1. e4 e5 2. Nc3 Nc6 3. Bc4 Nf6 4. d3 d6 5. f4 Na5 6. Bb3 Nxb3 7. axb3 Be7 8.
Nf3 exf4 9. Bxf4 O-O 10. O-O a6 11. h3 Nh5 12. Bh2 Bg5 13. g4 Be3+ 14. Kh1 Nf6
15. Qe1 Ba7 16. Qh4 Nd7 17. Qxd8 Rxd8 18. Nd5 Nf6 19. Nxc7 Rb8 20. Nb5 Bc5 21.
Nc3 b5 22. g5 Ne8 23. b4 Bb6 24. Kg2 Nc7 25. Bg1 Bxg1 26. Rxg1 Ne6 27. Kg3 Bb7
28. h4 Rbc8 29. Rg2 Kf8 30. Rf2 Rd7 31. Nh2 Nd4 32. Ng4 Re7 33. Ne3 Ke8 34.
Ncd5 Bxd5 35. Nxd5 Ra7 36. c3 Nc6 37. d4 Ne7 38. Ne3 Rcc7 39. Raf1 Ng8 40. Nf5
Rd7 41. Nxg7+ Kf8 42. Nf5 Ke8 43. Ra1 f6 44. Kg4 Kd8 45. d5 fxg5 46. hxg5 Rf7
47. Raf1 Rad7 48. Nd4 Ke8 49. Rxf7 Rxf7 50. Rxf7 Kxf7 51. Nf5 1-0

[Event "VIII Festival A"]
[Site "Cesenatico ITA"]
[Date "2003.09.03"]
[Round "5"]
[White "Welker, Michael"]
[Black "Brancaleoni, Maurizio"]
[Result "0-1"]
[WhiteElo "2154"]
[BlackElo "2298"]
[PlyCount "60"]
[EventDate "2003.08.31"]

1. c4 e6 2. Nc3 d5 3. cxd5 exd5 4. d4 c6 5. Bf4 Bf5 6. e3 Qb6 7. Qd2 Nf6 8. Bd3
Bxd3 9. Qxd3 Nbd7 10. h3 Be7 11. Nge2 O-O 12. O-O a5 13. Rac1 Rfe8 14. Rc2 Bb4
15. Na4 Qd8 16. Ng3 Ne4 17. Nxe4 Rxe4 18. a3 Bf8 19. Nc3 Re8 20. Ne2 Nb6 21.
Nc1 Nc4 22. Qe2 a4 23. Nd3 f6 24. Rfc1 Qd7 25. Qg4 Qf7 26. h4 Re4 27. Qf3 Rae8
28. Bg3 Nxe3 29. Rd2 Nc4 30. Rdc2 Rxd4 0-1

[Event "VIII Festival A"]
[Site "Cesenatico ITA"]
[Date "2003.09.03"]
[Round "5"]
[White "Yeuillaz, Corrado"]
[Black "Rossi, Giampiero"]
[Result "1-0"]
[WhiteElo "2192"]
[BlackElo "2052"]
[PlyCount "57"]
[EventDate "2003.08.31"]

1. e4 c5 2. Nf3 e6 3. d4 cxd4 4. Nxd4 a6 5. Be3 Nf6 6. Bd3 Qc7 7. O-O Be7 8. c4
d6 9. Nc3 O-O 10. Kh1 Bd7 11. Rc1 Nc6 12. f4 Rfc8 13. Qf3 Bf8 14. Nxc6 Bxc6 15.
Nd5 exd5 16. cxd5 Qd7 17. dxc6 Rxc6 18. Rxc6 Qxc6 19. Bd4 Ne8 20. Qe2 Rc8 21.
Bc3 Qd7 22. Bc4 b5 23. Bb3 Nc7 24. f5 d5 25. Rd1 Re8 26. Ba5 Bd6 27. Bxd5 Nxd5
28. Rxd5 Re5 29. Qd3 1-0

[Event "VIII Festival A"]
[Site "Cesenatico ITA"]
[Date "2003.09.04"]
[Round "6"]
[White "Beccaris, Gabriele"]
[Black "Welker, Michael"]
[Result "0-1"]
[WhiteElo "1836"]
[BlackElo "2154"]
[PlyCount "60"]
[EventDate "2003.08.31"]

1. e4 e6 2. d4 d5 3. Nc3 Nf6 4. e5 Nfd7 5. Nce2 c5 6. c3 Nc6 7. Nf3 b5 8. Nf4
Qb6 9. g3 b4 10. Be3 bxc3 11. bxc3 cxd4 12. Bxd4 Nxd4 13. cxd4 Bb4+ 14. Ke2
Ba6+ 15. Ke3 Rc8 16. Bxa6 Qxa6 17. Ne2 O-O 18. Qd3 Qxd3+ 19. Kxd3 f6 20. exf6
Rxf6 21. Ke3 Rcf8 22. Neg1 Nb6 23. h4 Nc4+ 24. Ke2 Nd2 25. Ne5 Rxf2+ 26. Kd3
Ne4 27. Rh3 Rc8 28. Ne2 Rg2 29. Ke3 Bd2+ 30. Kf3 Rf2+ 0-1

[Event "VIII Festival A"]
[Site "Cesenatico ITA"]
[Date "2003.09.04"]
[Round "6"]
[White "Bernardi, Ruben"]
[Black "Frilli, Guido"]
[Result "1/2-1/2"]
[WhiteElo "2155"]
[BlackElo "2071"]
[PlyCount "92"]
[EventDate "2003.08.31"]

1. Nf3 d5 2. g3 Bg4 3. Bg2 c6 4. d3 Nd7 5. Nbd2 e6 6. O-O Bd6 7. e4 Ne7 8. h3
Bh5 9. Qe1 O-O 10. c4 Bg6 11. Qe2 h6 12. Nh4 Bh7 13. d4 e5 14. dxe5 Nxe5 15. f4
Nxc4 16. Nxc4 dxc4 17. Qxc4 Qb6+ 18. Kh2 Rad8 19. Bf3 Bc5 20. Ng2 Nc8 21. a3
Nd6 22. Qc2 Nb5 23. b4 Bd4 24. Rb1 Rd6 25. Rb3 Rfd8 26. a4 Nc7 27. f5 Be5 28.
Nf4 Qa6 29. Be2 Qxa4 30. Nd3 Bd4 31. Bf4 R6d7 32. Nb2 Qa2 33. Bxc7 Rxc7 34. Bc4
b5 35. Bxb5 Rdc8 36. Bc4 a5 37. Rc3 axb4 38. Bxa2 bxc3 39. Nd1 Ra7 40. Qb3 Rca8
41. Qc4 Rxa2+ 42. Kh1 c2 43. Qxc6 cxd1=Q 44. Rxd1 Ra1 45. Rxa1 Rxa1+ 46. Kg2 g6
1/2-1/2

[Event "VIII Festival A"]
[Site "Cesenatico ITA"]
[Date "2003.09.04"]
[Round "6"]
[White "Bonacci, Mauro"]
[Black "Bonugli, Carlo"]
[Result "1-0"]
[WhiteElo "2194"]
[BlackElo "2047"]
[PlyCount "78"]
[EventDate "2003.08.31"]

1. e4 e6 2. d4 d5 3. Nd2 dxe4 4. Nxe4 Nd7 5. Nf3 Ngf6 6. Ng3 c5 7. c3 Qb6 8. a3
cxd4 9. cxd4 Bd6 10. Bd3 O-O 11. O-O e5 12. Bg5 exd4 13. Nf5 Re8 14. Nxd6 Qxd6
15. Nxd4 Nc5 16. Bb5 Bd7 17. Bxf6 Qxf6 18. b4 Bxb5 19. Nxb5 Red8 20. Qc2 Ne6
21. Rac1 Qg5 22. Nc7 Nf4 23. g3 Rac8 24. Qe4 Rd7 25. Nd5 Nh3+ 26. Kg2 Rcd8 27.
Ne3 Qh5 28. Rc5 Ng5 29. Qf5 h6 30. h4 g6 31. Qg4 Qxg4 32. Nxg4 Ne6 33. Nf6+ Kg7
34. Nxd7 Rxd7 35. Rc3 Kf6 36. Re1 Rd5 37. Ree3 a5 38. Rcd3 Rb5 39. Rd7 axb4 1-0

[Event "VIII Festival A"]
[Site "Cesenatico ITA"]
[Date "2003.09.04"]
[Round "6"]
[White "Brancaleoni, Maurizio"]
[Black "Pozzi, Enrico"]
[Result "1-0"]
[WhiteElo "2298"]
[BlackElo "2205"]
[PlyCount "168"]
[EventDate "2003.08.31"]

1. d4 Nf6 2. c4 e6 3. Nf3 b6 4. g3 Bb7 5. Bg2 Be7 6. O-O O-O 7. Bf4 d6 8. Nc3
Nbd7 9. d5 e5 10. Bd2 Nh5 11. e4 g6 12. Bh6 Re8 13. Qd2 Bf8 14. Bg5 f6 15. Be3
Ng7 16. Bh6 a5 17. Bh3 Nc5 18. Ne1 f5 19. f3 Bc8 20. Bg2 Bd7 21. Nd3 Nh5 22.
Nxc5 bxc5 23. Bxf8 Rxf8 24. exf5 gxf5 25. f4 exf4 26. Bf3 Ng7 27. Qxf4 a4 28.
Qd2 Qf6 29. Ne2 Rab8 30. Rab1 Rb4 31. b3 Rfb8 32. Qc2 Qe5 33. Kg2 axb3 34. axb3
Qe3 35. Nc3 Qh6 36. Rfe1 Qf6 37. Ne2 h5 38. Nf4 h4 39. Re3 Re8 40. Rxe8+ Bxe8
41. Re1 hxg3 42. hxg3 Ba4 43. Rb1 Bd7 44. Qa2 Rb8 45. Qa5 Rc8 46. Qa6 Qc3 47.
Qa1 Qxa1 48. Rxa1 Kf7 49. Kf2 Kf6 50. Ke3 Rb8 51. Bd1 Re8+ 52. Kd2 Rg8 53. Ra7
Rc8 54. Ke3 Re8+ 55. Kd3 Rc8 56. Ke2 Be8 57. Ke3 Bf7 58. Bf3 Ne8 59. Ra2 Rb8
60. Bd1 Ke7 61. Bc2 Kf6 62. Ra7 Rc8 63. Ra1 Kg5 64. Rf1 Ng7 65. Rh1 Re8+ 66.
Kf2 Ra8 67. Ke3 Ra2 68. Kd3 Ra8 69. Rh7 Rg8 70. Ke3 Re8+ 71. Kf3 Rg8 72. Rh2
Ra8 73. Rh7 Kf6 74. Ke3 Re8+ 75. Kd2 Rg8 76. Rh6+ Kg5 77. Rh1 Re8 78. Bd1 Kf6
79. Be2 Rb8 80. Kc3 Re8 81. Kd3 Kg5 82. Rg1 Rb8 83. Bd1 Bh5 84. Bc2 84. Bf7
{...} 1-0

[Event "VIII Festival A"]
[Site "Cesenatico ITA"]
[Date "2003.09.04"]
[Round "6"]
[White "Cecchetto, Vanni"]
[Black "Strijkers, Niek"]
[Result "0-1"]
[WhiteElo "2051"]
[BlackElo "2153"]
[PlyCount "50"]
[EventDate "2003.08.31"]

1. d4 g6 2. Nf3 Bg7 3. Bf4 d6 4. e3 Nf6 5. Be2 b6 6. h3 Bb7 7. c4 O-O 8. Nc3 a6
9. Qc2 c5 10. O-O Nbd7 11. Rad1 cxd4 12. exd4 Rc8 13. Rfe1 d5 14. c5 bxc5 15.
Qb3 Bc6 16. Bxa6 Ra8 17. Bb7 c4 18. Qb4 Rb8 19. Bxb8 Qxb8 20. Rxe7 Rc8 21. Ne5
Bf8 22. Qa5 Qxb7 23. Nxc6 Rxc6 24. Re2 Ra6 25. Qd8 Ra8 0-1

[Event "VIII Festival A"]
[Site "Cesenatico ITA"]
[Date "2003.09.04"]
[Round "6"]
[White "Cetkovic, Sergio"]
[Black "Pircher, Karl"]
[Result "1/2-1/2"]
[WhiteElo "2128"]
[BlackElo "2040"]
[PlyCount "21"]
[EventDate "2003.08.31"]

1. e4 e5 2. d4 exd4 3. Nf3 Nc6 4. Nxd4 Bc5 5. Nxc6 Qf6 6. Qd2 Qxc6 7. Bd3 Ne7
8. O-O O-O 9. Nc3 a6 10. a3 b5 11. Re1 1/2-1/2

[Event "VIII Festival A"]
[Site "Cesenatico ITA"]
[Date "2003.09.04"]
[Round "6"]
[White "Di Caro, Calogero"]
[Black "Tomescu, Vlad"]
[Result "0-1"]
[WhiteElo "2221"]
[BlackElo "2427"]
[PlyCount "44"]
[EventDate "2003.08.31"]

1. Nf3 Nf6 2. c4 g6 3. Nc3 d5 4. Qa4+ Bd7 5. Qb3 dxc4 6. Qxc4 a6 7. d4 Bg7 8.
e4 b5 9. Qb3 c5 10. dxc5 Nc6 11. a3 O-O 12. Be3 Be6 13. Qc2 Ng4 14. Bf4 b4 15.
Nd5 Bxd5 16. exd5 Qxd5 17. Bc4 Nd4 18. Bxd5 Nxc2+ 19. Kd2 Nxa1 20. Bxa8 Rxa8
21. Rxa1 Bxb2 22. Ra2 bxa3 0-1

[Event "VIII Festival A"]
[Site "Cesenatico ITA"]
[Date "2003.09.04"]
[Round "6"]
[White "Forno, Roberto"]
[Black "Yeuillaz, Corrado"]
[Result "0-1"]
[WhiteElo "2064"]
[BlackElo "2192"]
[PlyCount "94"]
[EventDate "2003.08.31"]

1. d4 g6 2. Nf3 Bg7 3. c4 d6 4. Nc3 Bg4 5. Bg5 Nc6 6. e3 Nf6 7. Be2 O-O 8. O-O
Re8 9. h3 Bd7 10. a3 h6 11. Bh4 e5 12. b4 exd4 13. exd4 g5 14. Bg3 Ne4 15. Nxe4
Rxe4 16. Bd3 Re8 17. d5 Ne5 18. Nxe5 dxe5 19. Ra2 a5 20. b5 e4 21. Be2 Be5 22.
Bxe5 Rxe5 23. Rd2 Bf5 24. c5 b6 25. cxb6 cxb6 26. d6 Bd7 27. a4 Rc8 28. f4 gxf4
29. Rxf4 Qg5 30. Qf1 Bxh3 31. d7 Rd8 32. Rxf7 Bxg2 33. Rf8+ Rxf8 34. Bc4+ Kg7
35. Rxg2 Rxf1+ 36. Kxf1 Rf5+ 37. Kg1 Rf8 38. Bd5 e3 39. Rxg5+ hxg5 40. Bc4 Rd8
41. Be6 Kf6 42. Bg4 Ke7 43. Kf1 Rxd7 44. Bxd7 Kxd7 45. Ke2 Kd6 46. Kxe3 Kc5 47.
Ke4 g4 0-1

[Event "VIII Festival A"]
[Site "Cesenatico ITA"]
[Date "2003.09.04"]
[Round "6"]
[White "Gromovs, Sergejs"]
[Black "Pace, Roberto"]
[Result "1-0"]
[WhiteElo "2345"]
[BlackElo "2067"]
[PlyCount "77"]
[EventDate "2003.08.31"]

1. d4 Nf6 2. Nf3 e6 3. c4 Bb4+ 4. Bd2 Bxd2+ 5. Nbxd2 Qe7 6. e4 d6 7. Bd3 e5 8.
O-O O-O 9. Re1 Nc6 10. d5 Nb4 11. Bf1 a5 12. a3 Na6 13. b4 axb4 14. axb4 Bg4
15. Qa4 h6 16. h3 Bd7 17. Qa3 Kh7 18. Rec1 c6 19. Qa5 Rfc8 20. b5 cxb5 21. cxb5
Nc5 22. Qxa8 Rxa8 23. Rxa8 Nh5 24. Rb8 Nf4 25. Rxc5 dxc5 26. Rxb7 f6 27. b6 Qe8
28. Nc4 Bxh3 29. gxh3 Qg6+ 30. Kh2 Qxe4 31. Ncd2 Qxd5 32. Re7 Qd8 33. b7 Ng6
34. Rd7 Qb8 35. Ne4 f5 36. Bd3 c4 37. Bc2 Nf4 38. Nh4 Nd3 39. Nf6+ 1-0

[Event "VIII Festival A"]
[Site "Cesenatico ITA"]
[Date "2003.09.04"]
[Round "6"]
[White "Lagrotteria, Salvatore"]
[Black "Molina, Fabrizio"]
[Result "1-0"]
[WhiteElo "2175"]
[BlackElo "2249"]
[PlyCount "75"]
[EventDate "2003.08.31"]

1. d4 e6 2. c4 d5 3. Nf3 c5 4. cxd5 exd5 5. g3 Nc6 6. Bg2 c4 7. O-O Bb4 8. Ne5
Nge7 9. b3 O-O 10. Nxc6 bxc6 11. bxc4 dxc4 12. Qa4 Qb6 13. Na3 Be6 14. Rb1 a5
15. Nc2 Qa6 16. e4 Rfd8 17. Be3 Nc8 18. d5 cxd5 19. exd5 Bf5 20. Rfc1 Bd6 21.
Qc6 Ne7 22. Qxa6 Rxa6 23. Rb5 Bd7 24. Rb6 Rxb6 25. Bxb6 Rb8 26. Bxa5 Rb5 27.
Bd2 Nxd5 28. Bf1 Rc5 29. Be3 Nxe3 30. Nxe3 c3 31. Rd1 Rc6 32. Bb5 c2 33. Nxc2
Bg4 34. Rd2 Rb6 35. a4 h5 36. Ne3 Bf3 37. Nc4 Bb4 38. Rd8+ 1-0

[Event "VIII Festival A"]
[Site "Cesenatico ITA"]
[Date "2003.09.04"]
[Round "6"]
[White "Maahs, Erich"]
[Black "Scotti, Umberto"]
[Result "1-0"]
[WhiteElo "2201"]
[BlackElo "2135"]
[PlyCount "57"]
[EventDate "2003.08.31"]

1. e4 e6 2. d4 d5 3. Nd2 c5 4. Ngf3 cxd4 5. exd5 Qxd5 6. Bc4 Qd6 7. O-O Nf6 8.
Nb3 Nc6 9. Nbxd4 Nxd4 10. Nxd4 a6 11. c3 Qc7 12. Bb3 Bd6 13. f4 O-O 14. Qe1 b5
15. Qh4 Bb7 16. Be3 Nd5 17. Bc2 h6 18. Rae1 Nxe3 19. Rxe3 Bc5 20. Bb3 Bxd4 21.
cxd4 Qd6 22. f5 exf5 23. Rxf5 Rac8 24. Rf1 Rcd8 25. Rd1 Rfe8 26. Rg3 Re4 27.
Qh5 Bd5 28. Bxd5 Qxd5 29. Qxh6 1-0

[Event "VIII Festival A"]
[Site "Cesenatico ITA"]
[Date "2003.09.04"]
[Round "6"]
[White "Naumkin, Igor"]
[Black "Costantini, Roberto"]
[Result "1/2-1/2"]
[WhiteElo "2406"]
[BlackElo "2334"]
[PlyCount "23"]
[EventDate "2003.08.31"]

1. d4 d5 2. c4 c6 3. Nf3 Nf6 4. Nc3 a6 5. a4 e6 6. Bg5 Nbd7 7. e3 Qa5 8. Nd2
Bb4 9. Qc2 c5 10. Be2 cxd4 11. exd4 dxc4 12. Bxf6 1/2-1/2

[Event "VIII Festival A"]
[Site "Cesenatico ITA"]
[Date "2003.09.04"]
[Round "6"]
[White "Popa, Claudiu"]
[Black "Schuster, Karsten"]
[Result "1/2-1/2"]
[WhiteElo "2148"]
[BlackElo "2246"]
[PlyCount "34"]
[EventDate "2003.08.31"]

1. e4 c6 2. d4 d5 3. Nd2 dxe4 4. Nxe4 Nd7 5. Nf3 Ngf6 6. Nxf6+ Nxf6 7. Ne5 Bf5
8. c3 e6 9. Bd3 Bxd3 10. Nxd3 Bd6 11. Qf3 Qa5 12. O-O O-O 13. Bf4 Bxf4 14. Qxf4
Rad8 15. Rfe1 Rd5 16. Re3 Rf5 17. Re5 Rxe5 1/2-1/2

[Event "VIII Festival A"]
[Site "Cesenatico ITA"]
[Date "2003.09.04"]
[Round "6"]
[White "Roeder, Matthias"]
[Black "Cioara, Andrei Nestor"]
[Result "1/2-1/2"]
[WhiteElo "2451"]
[BlackElo "2394"]
[PlyCount "29"]
[EventDate "2003.08.31"]

1. Nf3 Nf6 2. c4 e6 3. d4 c5 4. d5 d6 5. Nc3 exd5 6. cxd5 g6 7. Bf4 a6 8. a4
Bg7 9. e4 Bg4 10. Be2 O-O 11. O-O Re8 12. Nd2 Bxe2 13. Qxe2 Nh5 14. Be3 Nd7 15.
a5 1/2-1/2

[Event "VIII Festival A"]
[Site "Cesenatico ITA"]
[Date "2003.09.04"]
[Round "6"]
[White "Voltolini, Giuseppe"]
[Black "Dragojlovic, Andjelko"]
[Result "1/2-1/2"]
[WhiteElo "2254"]
[BlackElo "2312"]
[PlyCount "22"]
[EventDate "2003.08.31"]

1. e4 c5 2. Nf3 g6 3. d4 cxd4 4. Nxd4 Bg7 5. g3 Nc6 6. Ne2 b5 7. Bg2 Bb7 8. O-O
Nf6 9. Nbc3 b4 10. Nd5 O-O 11. a3 bxa3 1/2-1/2

[Event "VIII Festival A"]
[Site "Cesenatico ITA"]
[Date "2003.09.05"]
[Round "7"]
[White "Bonugli, Carlo"]
[Black "Bernardi, Ruben"]
[Result "0-1"]
[WhiteElo "2047"]
[BlackElo "2155"]
[PlyCount "54"]
[EventDate "2003.08.31"]

1. e4 d5 2. exd5 Qxd5 3. Nc3 Qa5 4. d4 Nf6 5. Nf3 Bf5 6. Bc4 e6 7. O-O c6 8.
Ne5 Nbd7 9. Qe2 Nxe5 10. dxe5 Nd7 11. Bf4 h6 12. a3 g5 13. b4 Qc7 14. Bg3 Bg7
15. Rfe1 h5 16. h3 h4 17. Bh2 O-O-O 18. b5 Nb6 19. Bb3 Nd5 20. Bxd5 cxd5 21.
Na4 Kb8 22. Rac1 Qa5 23. Nc5 Bf8 24. Nb3 Qc3 25. a4 Rc8 26. Red1 Ba3 27. Ra1
Bb2 0-1

[Event "VIII Festival A"]
[Site "Cesenatico ITA"]
[Date "2003.09.05"]
[Round "7"]
[White "Cioara, Andrei Nestor"]
[Black "Brancaleoni, Maurizio"]
[Result "1/2-1/2"]
[WhiteElo "2394"]
[BlackElo "2298"]
[PlyCount "86"]
[EventDate "2003.08.31"]

1. e4 d6 2. d4 Nf6 3. Nc3 Nbd7 4. f4 e5 5. Nf3 exd4 6. Nxd4 Nc5 7. Bd3 g6 8.
O-O Bg7 9. Nb3 Nxd3 10. cxd3 O-O 11. h3 d5 12. e5 Ne8 13. d4 f6 14. Be3 c6 15.
Nd2 fxe5 16. fxe5 Rxf1+ 17. Qxf1 Qb6 18. b3 Qb4 19. Ne2 Nc7 20. Nf3 Bf5 21. Nf4
Rf8 22. Qe1 Qxe1+ 23. Rxe1 h6 24. Rf1 g5 25. Nh5 Bd3 26. Rf2 Bg6 27. Nxg7 Kxg7
28. h4 gxh4 29. Nxh4 Rxf2 30. Kxf2 Bb1 31. a3 h5 32. Nf3 Bc2 33. b4 Nb5 34. Bc1
Be4 35. Ng5 Bf5 36. Ke3 Nc7 37. Kf4 Kg6 38. Nf3 Ne6+ 39. Kg3 Be4 40. Nh4+ Kf7
41. Be3 Nc7 42. Kf4 Ne6+ 43. Kg3 Nc7 1/2-1/2

[Event "VIII Festival A"]
[Site "Cesenatico ITA"]
[Date "2003.09.05"]
[Round "7"]
[White "Costantini, Roberto"]
[Black "Roeder, Matthias"]
[Result "1/2-1/2"]
[WhiteElo "2334"]
[BlackElo "2451"]
[PlyCount "28"]
[EventDate "2003.08.31"]

1. e4 c5 2. Nf3 d6 3. d4 cxd4 4. Nxd4 Nf6 5. Nc3 a6 6. Be2 e5 7. Nb3 Be7 8. O-O
O-O 9. Kh1 b6 10. Bg5 Nbd7 11. Nd5 Bb7 12. Nxe7+ Qxe7 13. f3 h6 14. Bh4 Qe6
1/2-1/2

[Event "VIII Festival A"]
[Site "Cesenatico ITA"]
[Date "2003.09.05"]
[Round "7"]
[White "Dragojlovic, Andjelko"]
[Black "Lagrotteria, Salvatore"]
[Result "0-1"]
[WhiteElo "2312"]
[BlackElo "2175"]
[PlyCount "160"]
[EventDate "2003.08.31"]

1. e4 d6 2. d4 Nf6 3. Nc3 g6 4. Be2 Bg7 5. Nf3 O-O 6. O-O c6 7. h3 Nbd7 8. Bf4
Qa5 9. a3 e5 10. Be3 Re8 11. dxe5 dxe5 12. Bc4 Nf8 13. Qd6 Be6 14. b4 Qd8 15.
Qxd8 Rexd8 16. Be2 h6 17. Rfd1 N6d7 18. Nd2 f5 19. f3 b5 20. Nb3 Bxb3 21. cxb3
Ne6 22. Rd6 Nd4 23. Rd1 Nf8 24. Rxd8 Rxd8 25. Kf1 f4 26. Bxd4 exd4 27. Na2 Ne6
28. Nc1 Ra8 29. a4 a6 30. Nd3 g5 31. Rc1 Rc8 32. Kf2 Kf7 33. g3 fxg3+ 34. Kxg3
Nf4 35. Nxf4 Be5 36. Kg2 Bxf4 37. Rc2 Rc7 38. h4 Ke6 39. h5 Bd6 40. Bf1 Bxb4
41. axb5 axb5 42. Bxb5 Kd6 43. Bd3 Ke5 44. Ra2 Kf4 45. Kf2 g4 46. fxg4 Kxg4 47.
Be2+ Kf4 48. Bd3 Rg7 49. Bc4 Rg5 50. Ra6 Rc5 51. e5 Kxe5 52. Kf3 Kd6 53. Ra8
Rxh5 54. Rd8+ Kc5 55. Rf8 Re5 56. Kf4 Rh5 57. Kg4 Rg5+ 58. Kf3 Bd2 59. Rf6 Re5
60. Kg4 Bg5 61. Rf8 Kb4 62. Rc8 c5 63. Rc6 Kc3 64. Rd6 Re4+ 65. Kh5 Re3 66. Rd5
Kb4 67. Rd7 Rc3 68. Rb7+ Ka3 69. Rc7 Rxc4 70. bxc4 Kb4 71. Kg4 Kxc4 72. Kf3 Kd5
73. Rd7+ Ke5 74. Rc7 Kd6 75. Rc8 Kd5 76. Rb8 d3 77. Rc8 c4 78. Rc7 Kd4 79. Kf2
Bh4+ 80. Kf1 c3 0-1

[Event "VIII Festival A"]
[Site "Cesenatico ITA"]
[Date "2003.09.05"]
[Round "7"]
[White "Freuler, Roman"]
[Black "Bossoni, Mario"]
[Result "1/2-1/2"]
[WhiteElo "2121"]
[BlackElo "1939"]
[PlyCount "89"]
[EventDate "2003.08.31"]

1. e4 c5 2. Nc3 Nc6 3. f4 e6 4. Nf3 Nge7 5. Be2 d5 6. d3 Ng6 7. O-O Be7 8. Qe1
Nd4 9. Bd1 Nxf3+ 10. Bxf3 d4 11. Ne2 Qc7 12. b3 Bd7 13. g3 Bc6 14. Bb2 Rd8 15.
Qf2 h5 16. h4 b6 17. Kh2 a5 18. a4 e5 19. f5 Nf8 20. Bc1 Rd6 21. Ng1 Kd8 22.
Nh3 Be8 23. Qe2 f6 24. Bd2 Kc8 25. Kg2 Bf7 26. Rh1 Qd8 27. Nf2 Nd7 28. Rag1 Rh7
29. Kf1 Qh8 30. Ke1 Nb8 31. Kd1 Bd8 32. Rh2 Qe8 33. g4 hxg4 34. Bxg4 b5 35.
axb5 Qxb5 36. h5 a4 37. bxa4 Qxa4 38. h6 gxh6 39. Rxh6 Rxh6 40. Bxh6 Qa1+ 41.
Bc1 Ba5 42. Bh5 Bxh5 43. Qxh5 Qa4 44. Qf7 Bd8 45. Rg8 1/2-1/2

[Event "VIII Festival A"]
[Site "Cesenatico ITA"]
[Date "2003.09.05"]
[Round "7"]
[White "Maahs, Erich"]
[Black "Gromovs, Sergejs"]
[Result "0-1"]
[WhiteElo "2201"]
[BlackElo "2345"]
[PlyCount "46"]
[EventDate "2003.08.31"]

1. e4 c5 2. f4 Nc6 3. Nf3 g6 4. g3 Bg7 5. Bg2 d6 6. d3 Qb6 7. c3 Nf6 8. Na3 O-O
9. O-O Qa6 10. f5 b5 11. Nh4 b4 12. Nc4 bxc3 13. bxc3 Nd7 14. Qc2 Nde5 15. Nxe5
Nxe5 16. d4 cxd4 17. cxd4 Qb6 18. Bb2 Ng4 19. Qd2 Bh6 20. Qc3 Ba6 21. Rfb1 Be3+
22. Kh1 Nf2+ 23. Kg1 Nd1+ 0-1